Structured computer organization / (Record no. 1902)
| 000 -LEADER | |
|---|---|
| fixed length control field | 00954cam a2200313 a 4500 |
| 001 - CONTROL NUMBER | |
| control field | 17347160 |
| 003 - CONTROL NUMBER IDENTIFIER | |
| control field | OSt |
| 005 - DATE AND TIME OF LATEST TRANSACTION | |
| control field | 20150629133127.0 |
| 008 - FIXED-LENGTH DATA ELEMENTS--GENERAL INFORMATION | |
| fixed length control field | 120614s2013 maua b 001 0 eng |
| 010 ## - LIBRARY OF CONGRESS CONTROL NUMBER | |
| LC control number | 2012021627 |
| 020 ## - INTERNATIONAL STANDARD BOOK NUMBER | |
| International Standard Book Number | 9780132916523 |
| 020 ## - INTERNATIONAL STANDARD BOOK NUMBER | |
| International Standard Book Number | 0132916525 |
| 040 ## - CATALOGING SOURCE | |
| Original cataloging agency | DLC |
| Transcribing agency | DLC |
| Modifying agency | DLC |
| 042 ## - AUTHENTICATION CODE | |
| Authentication code | pcc |
| 050 00 - LIBRARY OF CONGRESS CALL NUMBER | |
| Classification number | QA76.6.T38 2013 |
| 082 00 - DEWEY DECIMAL CLASSIFICATION NUMBER | |
| Classification number | 005.1 |
| Edition number | 23 |
| 100 1# - MAIN ENTRY--PERSONAL NAME | |
| Personal name | Tanenbaum, Andrew S., |
| Dates associated with a name | 1944- |
| 245 10 - TITLE STATEMENT | |
| Title | Structured computer organization / |
| Statement of responsibility, etc | Andrew S. Tanenbaum, Todd Austin. |
| 250 ## - EDITION STATEMENT | |
| Edition statement | 6th ed. |
| 260 ## - PUBLICATION, DISTRIBUTION, ETC. (IMPRINT) | |
| Place of publication, distribution, etc | Boston : |
| Name of publisher, distributor, etc | Pearson, |
| Date of publication, distribution, etc | 2013. |
| 300 ## - PHYSICAL DESCRIPTION | |
| Extent | xxii, 775 p. : |
| Other physical details | ill. ; |
| Dimensions | 25 cm. |
| 504 ## - BIBLIOGRAPHY, ETC. NOTE | |
| Bibliography, etc | Includes bibliographical references and index. |
| 650 #0 - SUBJECT ADDED ENTRY--TOPICAL TERM | |
| Topical term or geographic name as entry element | Computer programming. |
| 650 #0 - SUBJECT ADDED ENTRY--TOPICAL TERM | |
| Topical term or geographic name as entry element | Computer organization. |
| 700 1# - ADDED ENTRY--PERSONAL NAME | |
| Personal name | Austin, Todd. |
| 906 ## - LOCAL DATA ELEMENT F, LDF (RLIN) | |
| a | 7 |
| b | cbc |
| c | orignew |
| d | 1 |
| e | ecip |
| f | 20 |
| g | y-gencatlg |
| 942 ## - ADDED ENTRY ELEMENTS (KOHA) | |
| Source of classification or shelving scheme | |
| Koha item type | Book |
| Withdrawn status | Lost status | Source of classification or shelving scheme | Damaged status | Not for loan | Home library | Current library | Shelving location | Date acquired | Total Checkouts | Full call number | Barcode | Date last seen | Copy number | Price effective from | Koha item type | Date checked out | Total Renewals |
|---|---|---|---|---|---|---|---|---|---|---|---|---|---|---|---|---|---|
| Riara University Library | Riara University Library | General stack | 29/06/2015 | QA76.6.T38 2013 | 6447/15 | 21/07/2015 | C.1 | 29/06/2015 | Book | ||||||||
| Riara University Library | Riara University Library | General stack | 29/06/2015 | QA76.6.T38 2013 | 6448/15 | 29/06/2015 | C.2 | 29/06/2015 | Book | ||||||||
| Riara University Library | Riara University Library | General stack | 29/06/2015 | 1 | QA76.6.T38 2013 | 6449/15 | 09/08/2016 | C.3 | 29/06/2015 | Book | 22/07/2016 | ||||||
| Riara University Library | Riara University Library | General stack | 29/06/2015 | 2 | QA76.6.T38 2013 | 6450/15 | 11/12/2025 | C.4 | 29/06/2015 | Book | 05/11/2025 | 2 | |||||
| Riara University Library | Riara University Library | General stack | 29/06/2015 | 1 | QA76.6.T38 2013 | 6451/15 | 03/08/2022 | C.5 | 29/06/2015 | Book | 30/06/2022 | 1 | |||||
| Riara University Library | Riara University Library | General stack | 29/06/2015 | QA76.6.T38 2013 | 6452/15 | 29/06/2015 | C.6 | 29/06/2015 | Book |
